[Event "Tata Steel India Rapid w"]
[Site "Kolkata IND"]
[Date "2026.01.08"]
[Round "4.5"]
[White "Goryachkina, Aleksandra"]
[Black "Lagno, Kateryna"]
[Result "0-1"]
[WhiteTitle "GM"]
[BlackTitle "GM"]
[WhiteElo "2534"]
[BlackElo "2508"]
[WhiteFideId "4147103"]
[BlackFideId "14109336"]
[EventDate "2026.01.07"]

1. e4 e5 2. Nf3 Nc6 3. Bb5 a6 4. Ba4 Nf6 5. O-O Be7 6. d3 b5 7. Bb3 d6 8. c3 O-O
9. h3 Na5 10. Bc2 c5 11. d4 cxd4 12. cxd4 exd4 13. Nxd4 Re8 14. Nc3 Bb7 15. Nf5
Bf8 16. Bg5 h6 17. Bh4 g6 18. Ne3 Be7 19. Bg3 Rc8 20. Rc1 Bf8 21. Ned5 Nxd5 22.
Nxd5 Nc4 23. b3 Nb6 24. Nxb6 Qxb6 25. Re1 d5 26. e5 d4 27. Kh2 Bb4 28. Rg1 Rc3
29. Bb1 Rec8 30. Bf4 Ba3 31. Rc2 Rxc2 32. Bxc2 d3 33. Bxd3 Qxf2 34. Bg3 Qd4 35.
Bb1 Rd8 36. Qxd4 Rxd4 37. e6 fxe6 38. Bxg6 Rd2 39. Bf4 Rxa2 40. Bb1 Rb2 41. Be5
Re2 42. Bd4 Bd6+ 43. Kh1 Bg3 44. Bb6 Bd5 45. b4 e5 46. Bf5 e4 47. Bg4 Rb2 48.
Rd1 Bb3 49. Rd8+ Kf7 50. Rd7+ Kg6 51. Bg1 Rb1 52. Rd2 e3 53. Rd4 Bf2 54. Rd6+
Kf7 0-1

[Event "Tata Steel India Rapid w"]
[Site "Kolkata IND"]
[Date "2026.01.08"]
[Round "5.1"]
[White "Vantika, Agrawal"]
[Black "Rakshitta, Ravi"]
[Result "1-0"]
[WhiteTitle "IM"]
[BlackTitle "WGM"]
[WhiteElo "2375"]
[BlackElo "2321"]
[WhiteFideId "25050389"]
[BlackFideId "25073230"]
[EventDate "2026.01.07"]

1. d4 d5 2. c4 e6 3. Nf3 Nf6 4. Nc3 c5 5. e3 a6 6. cxd5 exd5 7. Bd3 Nc6 8. O-O
Bd6 9. dxc5 Bxc5 10. b3 O-O 11. Bb2 Bg4 12. Be2 Ba7 13. Rc1 Re8 14. h3 Bh5 15.
Nh4 Bxe2 16. Nxe2 Ne4 17. Nf5 Qg5 18. Nfd4 Rac8 19. Nf4 Nxd4 20. Rxc8 Rxc8 21.
Bxd4 Bb8 22. Ne2 Rc6 23. f4 Qe7 24. Qa1 Rg6 25. Rc1 Qd7 26. Kh2 h5 27. Qb2 Qf5
28. b4 Qg5 29. Rc8+ Kh7 30. g3 Qf5 31. Rxb8 Nf2 32. Ng1 Ne4 33. Qc2 Rc6 34. Qg2
Nd6 35. g4 Qd3 36. Qxd5 Rc2+ 37. Kh1 f5 38. Rh8+ Kxh8 39. Bxg7+ 1-0

[Event "Tata Steel India Rapid w"]
[Site "Kolkata IND"]
[Date "2026.01.08"]
[Round "5.2"]
[White "Divya, Deshmukh"]
[Black "Goryachkina, Aleksandra"]
[Result "0-1"]
[WhiteTitle "GM"]
[BlackTitle "GM"]
[WhiteElo "2497"]
[BlackElo "2534"]
[WhiteFideId "35006916"]
[BlackFideId "4147103"]
[EventDate "2026.01.07"]

1. e4 e5 2. Nf3 Nc6 3. g3 Nf6 4. d3 d5 5. exd5 Nxd5 6. Bg2 Bd6 7. O-O O-O 8. Bd2
h6 9. Nc3 Nf6 10. Re1 Re8 11. h3 Be6 12. Nb5 Qd7 13. Nxd6 cxd6 14. Kh2 Rac8 15.
c4 Bf5 16. Bc3 Bh7 17. Qd2 a6 18. a4 a5 19. Rad1 Qc7 20. Ng1 Nd7 21. d4 e4 22.
Ne2 Ne7 23. b3 b6 24. Bb2 d5 25. Rc1 Nf6 26. Ba3 Qd7 27. c5 b5 28. axb5 Qxb5 29.
b4 axb4 30. Qxb4 Qd7 31. Qd2 Nc6 32. Ra1 Rb8 33. Ra2 h5 34. Nc3 Rb3 35. Bf1 Reb8
36. Re3 Ne7 37. Rb2 Nf5 38. Re1 h4 39. g4 Qc7+ 40. Kg1 Rxa3 41. gxf5 Rxb2 42.
Qxb2 Ra8 43. Qd2 Bxf5 44. Qg5 Be6 45. Qxh4 Qa5 46. Re3 Qb4 47. Ne2 Ra1 48. Qg3
Qb1 49. Qg2 Nh5 50. c6 Qc2 51. Qg5 g6 52. h4 Bh3 53. Rxh3 Qxe2 54. Qg2 Nf4 55.
Re3 Qxe3 56. fxe3 Nxg2 57. Kxg2 Rc1 58. Bb5 Kf8 59. Kg3 Ke7 60. Kf4 f6 61. Kg4
Kd6 62. Ba4 Rf1 0-1

[Event "Tata Steel India Rapid w"]
[Site "Kolkata IND"]
[Date "2026.01.08"]
[Round "5.3"]
[White "Lagno, Kateryna"]
[Black "Dronavalli, Harika"]
[Result "1/2-1/2"]
[WhiteTitle "GM"]
[BlackTitle "GM"]
[WhiteElo "2508"]
[BlackElo "2466"]
[WhiteFideId "14109336"]
[BlackFideId "5015197"]
[EventDate "2026.01.07"]

1. e4 e5 2. Nf3 Nc6 3. Bb5 a6 4. Ba4 Nf6 5. O-O Bc5 6. c3 Ba7 7. Bxc6 dxc6 8.
Nxe5 Nxe4 9. Qe2 Qd5 10. Nxc6 Qxc6 11. d3 Be6 12. Qxe4 Qxe4 13. dxe4 O-O-O 14.
Na3 Rhe8 15. Re1 h6 16. Kf1 Rd3 17. h4 b5 18. Nc2 Bc4 19. Kg1 Bc5 20. Nb4 Rd6
21. b3 a5 22. bxc4 axb4 23. Be3 Bxe3 24. Rxe3 bxc3 25. Rxc3 b4 26. Rb3 Rxe4 27.
Rxb4 1/2-1/2

[Event "Tata Steel India Rapid w"]
[Site "Kolkata IND"]
[Date "2026.01.08"]
[Round "5.4"]
[White "Dzagnidze, Nana"]
[Black "Yip, Carissa"]
[Result "1-0"]
[WhiteTitle "GM"]
[BlackTitle "IM"]
[WhiteElo "2469"]
[BlackElo "2466"]
[WhiteFideId "13601903"]
[BlackFideId "2090732"]
[EventDate "2026.01.07"]

1. Nf3 g6 2. c4 Bg7 3. g3 d6 4. Bg2 e5 5. Nc3 Nc6 6. d3 Nf6 7. O-O O-O 8. Rb1 a5
9. Bd2 Nd4 10. Nxd4 exd4 11. Nb5 Ng4 12. h3 c6 13. hxg4 cxb5 14. cxb5 Bxg4 15.
Bxb7 Rb8 16. Bc6 h5 17. a4 h4 18. Kg2 d5 19. Bf4 Rc8 20. Qd2 Be6 21. Rh1 h3+ 22.
Kh2 Qf6 23. Rhf1 Qf5 24. Rbc1 Be5 25. b6 f6 26. b7 Rcd8 27. Rc5 Qh5 28. Rxa5
Bxf4 29. gxf4 Bg4 30. b8=Q Rxb8 31. Bxd5+ Kg7 32. Bf3 Qh4 33. Bxg4 Qxg4 34. Rg1
Qh4 35. Rg3 Rf7 36. Rd5 Rfb7 37. Rxd4 Rxb2 38. Rd7+ Kh6 39. Qe3 1-0

[Event "Tata Steel India Rapid w"]
[Site "Kolkata IND"]
[Date "2026.01.08"]
[Round "5.5"]
[White "Vaishali, Rameshbabu"]
[Black "Tsolakidou, Stavroula"]
[Result "1/2-1/2"]
[WhiteTitle "GM"]
[BlackTitle "IM"]
[WhiteElo "2470"]
[BlackElo "2479"]
[WhiteFideId "5091756"]
[BlackFideId "4264312"]
[EventDate "2026.01.07"]

1. e4 e5 2. Nf3 Nc6 3. Bb5 a6 4. Ba4 Nge7 5. c3 Ng6 6. d4 exd4 7. cxd4 Bb4+ 8.
Nc3 d5 9. O-O dxe4 10. Nxe4 O-O 11. d5 Nce7 12. Bb3 Nf5 13. Bg5 Be7 14. Bxe7
Qxe7 15. Re1 Nd6 16. Nxd6 Qxd6 17. Ng5 Bd7 18. Qh5 h6 19. Ne4 Qf4 20. d6 Kh8 21.
dxc7 Bc6 22. Nc5 Qxc7 23. Ne6 fxe6 24. Qxg6 Rf6 25. Qg3 Qxg3 26. hxg3 Bd5 27.
Bxd5 exd5 28. Rad1 Rc8 29. Re2 Rd6 30. Red2 Rcd8 31. Rd4 Kg8 32. g4 Kf7 33. Rc1
R6d7 34. f3 Ke6 35. Kf2 Kd6 36. Rcd1 Kc5 37. Ke3 Re7+ 38. Kd3 Rde8 39. Rd2 a5
40. Kc2 Rd8 41. Rf4 b5 42. Kd3 Rde8 43. Rf5 Re5 44. Rc2+ Kd6 45. Rxe5 Rxe5 46.
Re2 Rg5 47. Kd4 h5 48. gxh5 Rxh5 49. Re8 Rh2 50. Rd8+ Kc6 51. Rc8+ Kd6 52. Rd8+
Kc6 53. Rc8+ Kd6 1/2-1/2

[Event "Tata Steel India Rapid w"]
[Site "Kolkata IND"]
[Date "2026.01.08"]
[Round "6.1"]
[White "Tsolakidou, Stavroula"]
[Black "Lagno, Kateryna"]
[Result "0-1"]
[WhiteTitle "IM"]
[BlackTitle "GM"]
[WhiteElo "2479"]
[BlackElo "2508"]
[WhiteFideId "4264312"]
[BlackFideId "14109336"]
[EventDate "2026.01.07"]

1. e4 e5 2. Nf3 Nc6 3. Bc4 Bc5 4. d3 Nf6 5. Be3 Bb6 6. Qe2 d6 7. a3 Be6 8. Bxe6
fxe6 9. Nbd2 O-O 10. O-O-O Bxe3 11. fxe3 d5 12. g4 Qe7 13. g5 Nd7 14. Qg2 a5 15.
exd5 exd5 16. Nh4 Qe6 17. Rhf1 g6 18. c4 Ne7 19. cxd5 Nxd5 20. Qe4 b5 21. d4 b4
22. a4 Rxf1 23. Rxf1 Re8 24. Ng2 exd4 25. Qxe6+ Rxe6 26. exd4 N7b6 27. Re1 Kf7
28. Nb3 Rxe1+ 29. Nxe1 Nxa4 30. Nxa5 Ke6 31. h4 Kf5 32. Nc6 Kg4 33. Kc2 Kxh4 34.
Nf3+ Kg4 35. Nce5+ Kf4 36. b3 Nac3 37. Kd3 Nb6 38. Nd2 Kxg5 39. Nc6 Ncd5 40. Ke4
Kf6 41. Nf3 h5 42. Nfe5 g5 43. Kf3 Kf5 0-1

[Event "Tata Steel India Rapid w"]
[Site "Kolkata IND"]
[Date "2026.01.08"]
[Round "6.2"]
[White "Yip, Carissa"]
[Black "Vantika, Agrawal"]
[Result "1-0"]
[WhiteTitle "IM"]
[BlackTitle "IM"]
[WhiteElo "2466"]
[BlackElo "2375"]
[WhiteFideId "2090732"]
[BlackFideId "25050389"]
[EventDate "2026.01.07"]

1. e4 c5 2. Nc3 Nc6 3. Bb5 Nd4 4. Nf3 e6 5. O-O a6 6. Bd3 Ne7 7. Nxd4 cxd4 8.
Ne2 Nc6 9. Ng3 h5 10. f4 h4 11. Nh1 b5 12. Nf2 Bb7 13. c3 Bc5 14. Qg4 Qe7 15. b4
Bb6 16. a4 bxa4 17. Rxa4 dxc3 18. Qxg7 Bd4 19. e5 O-O-O 20. Bxa6 Rdg8 21. Bxb7+
Kxb7 22. Qf6 Qxf6 23. exf6 Bxf6 24. b5 Nd4 25. Ne4 Bg7 26. Nd6+ Kc7 27. Nxf7 Rh5
28. dxc3 Ne2+ 29. Kf2 Nxc1 30. Rxc1 Rxb5 31. Rc4+ Kb6 32. Nd6 Rb2+ 33. Kf3 Bf6
34. Rb4+ Rxb4 35. cxb4 Ra8 36. Kg4 Ra2 37. Kh3 Re2 38. Rc5 Re3+ 39. Kg4 Rb3 40.
Nc4+ Ka6 41. Ne5 Bxe5 42. Rxe5 Rxb4 43. Kxh4 Rxf4+ 44. Kg3 Rf6 45. h4 d5 46. Kg4
Kb5 47. Kg5 Rf8 48. g4 Kc4 49. h5 d4 50. Rxe6 d3 51. Rd6 Rg8+ 52. Kf5 Rf8+ 53.
Ke5 Re8+ 54. Kf6 Rf8+ 55. Kg5 Rg8+ 56. Kh4 Kc3 57. h6 d2 58. Kh5 Re8 59. h7 Kc2
60. g5 Re3 61. Rxd2+ Kxd2 62. Kg6 Re8 63. Kg7 Re7+ 64. Kh6 Re8 65. g6 Kd3 66. g7
Re6+ 67. Kg5 Re5+ 68. Kf6 1-0

[Event "Tata Steel India Rapid w"]
[Site "Kolkata IND"]
[Date "2026.01.08"]
[Round "6.3"]
[White "Rakshitta, Ravi"]
[Black "Vaishali, Rameshbabu"]
[Result "0-1"]
[WhiteTitle "WGM"]
[BlackTitle "GM"]
[WhiteElo "2321"]
[BlackElo "2470"]
[WhiteFideId "25073230"]
[BlackFideId "5091756"]
[EventDate "2026.01.07"]

1. e4 c6 2. d4 d5 3. e5 c5 4. Nf3 Bg4 5. dxc5 e6 6. Be3 Ne7 7. Bd3 Nec6 8. Bb5
Nd7 9. h3 Bxf3 10. Qxf3 Bxc5 11. Bxc5 Nxc5 12. O-O O-O 13. Qe3 Qb6 14. Bxc6 bxc6
15. Nd2 Nd7 16. Qxb6 axb6 17. f4 b5 18. a3 Ra4 19. g3 Rfa8 20. Nb3 c5 21. c3 Kf8
22. Kf2 Ke7 23. Ke3 Rc8 24. Nd2 Nb6 25. Rfc1 Rca8 26. Rab1 Kd7 27. Kd3 R4a7 28.
h4 h5 29. Rg1 Ke7 30. Rbc1 Rd7 31. Ke2 Nc4 32. Nxc4 bxc4 33. Rgd1 f6 34. Ke3
fxe5 35. fxe5 Rb8 36. Rd2 Rdb7 37. Rcc2 Kf7 38. Kf4 Kg6 39. Rf2 Rf8+ 40. Ke3 Rf5
41. Rxf5 Kxf5 42. Rf2+ Kxe5 43. Re2 d4+ 44. Kf3+ Kf5 45. a4 e5 46. cxd4 cxd4 47.
Rc2 e4+ 48. Kf2 d3 49. Rd2 Ke5 50. Ke3 Rf7 51. Rg2 Rf3+ 52. Kd2 e3+ 53. Ke1 e2
54. Rg1 Ke4 55. g4 Ke3 0-1

[Event "Tata Steel India Rapid w"]
[Site "Kolkata IND"]
[Date "2026.01.08"]
[Round "6.4"]
[White "Goryachkina, Aleksandra"]
[Black "Dronavalli, Harika"]
[Result "1/2-1/2"]
[WhiteTitle "GM"]
[BlackTitle "GM"]
[WhiteElo "2534"]
[BlackElo "2466"]
[WhiteFideId "4147103"]
[BlackFideId "5015197"]
[EventDate "2026.01.07"]

1. d4 d5 2. c4 e6 3. Nf3 Nf6 4. g3 Be7 5. Bg2 Ne4 6. Nc3 f5 7. Bf4 c6 8. Qc2 Nd7
9. O-O g5 10. Be5 O-O 11. e3 h5 12. Ne1 Nxe5 13. dxe5 Bd7 14. Ne2 Qb6 15. Nd3
Be8 16. b4 g4 17. Nd4 Bf7 18. Nf4 Ng5 19. a3 Rac8 20. Rac1 Qd8 21. cxd5 cxd5 22.
Qa4 a6 23. b5 Qd7 24. Qb3 Rxc1 25. Rxc1 Rc8 26. Rd1 Qc7 27. bxa6 bxa6 28. Nd3
Qd7 29. Rb1 Kg7 30. Qb6 Bxa3 31. Qxa6 Be7 32. Nf4 Rc7 33. Bxd5 exd5 34. e6 Ra7
35. Qb6 Qc7 36. Qxc7 Rxc7 37. exf7 Kxf7 38. Nxf5 Bf6 39. Kg2 Ne4 40. Re1 Rc2 41.
Re2 Rc1 42. h4 Rd1 43. f3 Nd2 44. fxg4 hxg4 45. Rf2 Nf3 46. Rxf3 gxf3+ 47. Kxf3
Be5 48. Ke2 Rg1 49. Kf2 Rd1 50. Ke2 Rg1 51. Kf2 Rd1 52. Ke2 1/2-1/2

[Event "Tata Steel India Rapid w"]
[Site "Kolkata IND"]
[Date "2026.01.08"]
[Round "6.5"]
[White "Divya, Deshmukh"]
[Black "Dzagnidze, Nana"]
[Result "1/2-1/2"]
[WhiteTitle "GM"]
[BlackTitle "GM"]
[WhiteElo "2497"]
[BlackElo "2469"]
[WhiteFideId "35006916"]
[BlackFideId "13601903"]
[EventDate "2026.01.07"]

1. d4 Nf6 2. g3 d5 3. Bg2 c6 4. Nf3 Bf5 5. c4 e6 6. Nc3 h6 7. Qb3 Qb6 8. c5 Qc7
9. h3 Nbd7 10. Bf4 Qc8 11. O-O g5 12. Be5 Nxe5 13. Nxe5 Be7 14. g4 Bh7 15. f4
Nd7 16. e3 f6 17. Nf3 Qc7 18. f5 exf5 19. gxf5 Bxf5 20. Nxg5 hxg5 21. Rxf5 g4
22. hxg4 O-O-O 23. Raf1 Rdg8 24. R1f4 Bf8 25. Rh5 Bh6 26. Bxd5 Bxf4 27. Bxg8
Bxe3+ 28. Kg2 Rxh5 29. gxh5 Qf4 30. Nd1 Qg4+ 31. Kf1 Bxd4 32. Be6 Qf4+ 33. Ke2
Qe4+ 34. Kd2 Bxc5 35. Bxd7+ Kxd7 36. Qxb7+ Kd6 37. Qb8+ Kd7 38. Qb7+ Kd6 39.
Qb8+ Kd7 40. Qg3 Qd5+ 41. Qd3 Bd4 42. Nc3 Qg5+ 43. Kc2 c5 44. Qh7+ Ke6 45. Qxa7
Qg2+ 46. Kb1 Qh1+ 47. Kc2 Qg2+ 48. Kb1 Qf1+ 49. Kc2 Qf2+ 50. Kb1 Qf5+ 51. Ka1
Bxc3 52. bxc3 Qxh5 53. Qb6+ Kf7 54. Qb7+ Kg6 55. Qc8 Qe5 56. Qg4+ Kf7 57. Qc4+
Kg6 58. a4 Qe1+ 59. Kb2 Qd2+ 60. Kb3 Qd1+ 61. Kb2 Qd2+ 62. Kb3 Qd1+ 63. Ka3 1/2-1/2

[Event "Tata Steel India Rapid w"]
[Site "Kolkata IND"]
[Date "2026.01.09"]
[Round "7.1"]
[White "Dzagnidze, Nana"]
[Black "Goryachkina, Aleksandra"]
[Result "1/2-1/2"]
[WhiteTitle "GM"]
[BlackTitle "GM"]
[WhiteElo "2469"]
[BlackElo "2534"]
[WhiteFideId "13601903"]
[BlackFideId "4147103"]
[EventDate "2026.01.07"]

1. d4 d5 2. c4 e6 3. Nc3 Nf6 4. cxd5 exd5 5. Bg5 Be7 6. e3 h6 7. Bh4 O-O 8. Bd3
Re8 9. Nge2 c6 10. O-O Nbd7 11. f3 b5 12. Bf2 b4 13. Na4 Nb6 14. Rc1 Nxa4 15.
Qxa4 Bd7 16. Qc2 c5 17. dxc5 Rc8 18. Qd2 Bxc5 19. Nd4 Qb6 20. Rc2 Bxd4 21. exd4
Bb5 22. Rxc8 Rxc8 23. Bf5 Bxf1 24. Bxc8 Ba6 25. Bf5 Qb5 26. Qe1 Nh7 27. h4 Nf8
28. b3 g6 29. Bh3 Qe2 30. Bg3 Ne6 31. Qxb4 Qb5 32. Qd2 Qd3 33. Qxd3 Bxd3 34. Be5
f5 35. Kf2 Kf7 36. g3 Nd8 37. Ke3 Ba6 38. h5 Nc6 39. hxg6+ Kxg6 40. Kf4 Bd3 41.
Ke3 Bb1 42. a3 Na5 43. Kd2 Nxb3+ 44. Kc3 Na5 45. Bf1 Nc4 46. Bxc4 dxc4 47. d5
Kf7 48. Kxc4 Ke7 49. Kb5 Bd3+ 50. Kc6 a6 51. Bf4 Bb5+ 52. Kc7 h5 53. Bg5+ Ke8
54. Kd6 Be2 55. f4 Bd3 56. Ke6 Bc4 57. Be7 Bb3 58. Bh4 Bc4 59. Bf6 Bb3 60. Be7
Bc4 61. a4 Bb3 62. a5 Bc4 63. Bc5 Bb3 64. Kxf5 Bxd5 65. Kg6 Bf7+ 66. Kf6 Bc4 67.
f5 Bb3 68. Kg6 Bf7+ 69. Kg7 Bc4 70. Kh6 Bf7 71. Ba3 Kd7 72. Kg7 Ke8 73. f6 Bc4 1/2-1/2

[Event "Tata Steel India Rapid w"]
[Site "Kolkata IND"]
[Date "2026.01.09"]
[Round "7.2"]
[White "Dronavalli, Harika"]
[Black "Tsolakidou, Stavroula"]
[Result "1/2-1/2"]
[WhiteTitle "GM"]
[BlackTitle "IM"]
[WhiteElo "2466"]
[BlackElo "2479"]
[WhiteFideId "5015197"]
[BlackFideId "4264312"]
[EventDate "2026.01.07"]

1. e4 e6 2. d4 d5 3. Nd2 c5 4. Ngf3 cxd4 5. Nxd4 Nf6 6. Bd3 Nc6 7. Nxc6 bxc6 8.
Qe2 Be7 9. O-O O-O 10. c4 a5 11. b3 a4 12. Bb2 a3 13. Bxf6 Bxf6 14. e5 Be7 15.
Rad1 Bb7 16. f4 g6 17. Kh1 c5 18. cxd5 Bxd5 19. Be4 f5 20. exf6 Bxf6 21. Bxd5
exd5 22. Qe6+ Kh8 23. Nf3 d4 24. f5 gxf5 25. Qxf5 Qd6 26. Nd2 Bg7 27. Qd3 Rfe8
28. Nc4 Qg6 29. Qf3 Rad8 30. Nxa3 Ra8 31. Nc4 Rxa2 32. Rde1 Rxe1 33. Rxe1 h6 34.
h3 d3 35. Rd1 Bd4 36. Nd2 Kg7 37. Qb7+ Qf7 38. Qxf7+ Kxf7 39. Nf3 Ra1 40. Rxa1
Bxa1 41. Kg1 Ke6 42. Kf2 Kd5 43. Ke3 c4 44. bxc4+ Kxc4 45. g4 Kc3 46. h4 Bb2 47.
g5 hxg5 48. hxg5 Bc1+ 49. Kf2 Bf4 50. g6 Bh6 51. Ke1 Kc2 52. Nd4+ Kc1 53. Ne2+
Kc2 54. Nd4+ Kc1 55. Ne2+ 1/2-1/2

[Event "Tata Steel India Rapid w"]
[Site "Kolkata IND"]
[Date "2026.01.09"]
[Round "7.3"]
[White "Vantika, Agrawal"]
[Black "Divya, Deshmukh"]
[Result "0-1"]
[WhiteTitle "IM"]
[BlackTitle "GM"]
[WhiteElo "2375"]
[BlackElo "2497"]
[WhiteFideId "25050389"]
[BlackFideId "35006916"]
[EventDate "2026.01.07"]

1. d4 d5 2. c4 c6 3. Nf3 Nf6 4. e3 Bf5 5. Nc3 e6 6. Nh4 Bg6 7. Nxg6 hxg6 8. Bd2
Be7 9. a3 Qc7 10. h3 dxc4 11. Bxc4 Nbd7 12. Be2 e5 13. dxe5 Nxe5 14. Qc2 Rd8 15.
O-O-O O-O 16. f4 Ned7 17. e4 Nc5 18. Be3 b5 19. e5 Nfd7 20. h4 Nb6 21. h5 g5 22.
h6 g6 23. h7+ Kh8 24. Na2 Ne6 25. f5 gxf5 26. Qxf5 Nd5 27. Bf2 Ndf4 28. Bf3 Ng6
29. Nb4 Qxe5 30. g4 Bf6 31. Qxe5 Nxe5 32. Be2 Nf4 33. Rxd8 Rxd8 34. Bf1 a5 35.
Bb6 Ra8 36. Nc2 Nxg4 37. Nd4 Ra6 38. Bc5 Nf2 39. Rh6 Bg7 40. Nxb5 N2d3+ 41. Kc2
Bxh6 42. Bd4+ Bg7 43. Nc7 Bxd4 44. Nxa6 Nxb2 45. Nb8 c5 46. Nc6 Na4 47. Nd8 Kxh7
48. Nxf7 g4 49. Ng5+ Kg6 50. Ne4 Kf5 51. Ng3+ Kg5 52. Ne4+ Kh4 53. Bb5 Nb6 0-1

[Event "Tata Steel India Rapid w"]
[Site "Kolkata IND"]
[Date "2026.01.09"]
[Round "7.4"]
[White "Lagno, Kateryna"]
[Black "Rakshitta, Ravi"]
[Result "1-0"]
[WhiteTitle "GM"]
[BlackTitle "WGM"]
[WhiteElo "2508"]
[BlackElo "2321"]
[WhiteFideId "14109336"]
[BlackFideId "25073230"]
[EventDate "2026.01.07"]

1. e4 e5 2. Nf3 Nc6 3. Bc4 Bc5 4. Nc3 Nf6 5. O-O d6 6. Na4 Bb6 7. Re1 O-O 8. Bf1
h6 9. h3 d5 10. exd5 Qxd5 11. d3 Bf5 12. a3 Rad8 13. Nxb6 axb6 14. Be3 Rfe8 15.
Nd2 Qd7 16. Qf3 Nd5 17. Ne4 Nxe3 18. fxe3 Bh7 19. c4 Ne7 20. Rad1 Qc6 21. Nc3
Qxf3 22. gxf3 g5 23. d4 exd4 24. exd4 Nf5 25. Rxe8+ Rxe8 26. Nd5 Rd8 27. Bd3 Kg7
28. Bxf5 Bxf5 29. Nxc7 Rc8 30. Nd5 Bxh3 31. Nxb6 Re8 32. d5 h5 33. d6 h4 34. b4
Kf8 35. c5 Rd8 36. b5 Be6 37. c6 bxc6 38. bxc6 Rb8 39. d7 Ke7 40. c7 1-0

[Event "Tata Steel India Rapid w"]
[Site "Kolkata IND"]
[Date "2026.01.09"]
[Round "7.5"]
[White "Vaishali, Rameshbabu"]
[Black "Yip, Carissa"]
[Result "1-0"]
[WhiteTitle "GM"]
[BlackTitle "IM"]
[WhiteElo "2470"]
[BlackElo "2466"]
[WhiteFideId "5091756"]
[BlackFideId "2090732"]
[EventDate "2026.01.07"]

1. Nf3 Nf6 2. g3 d5 3. Bg2 e6 4. O-O Be7 5. d3 O-O 6. Nbd2 c5 7. e4 Nc6 8. Re1
Qc7 9. e5 Nd7 10. Qe2 b5 11. Nf1 Bb7 12. h4 Rfc8 13. h5 h6 14. Bf4 a5 15. N1h2
Qd8 16. Qd2 b4 17. Ng4 Bf8 18. Kh2 a4 19. Bh3 a3 20. b3 Ra6 21. Rg1 Ne7 22. Nh4
Nc6 23. Raf1 Nd4 24. Be3 Nf5 25. f4 Rac6 26. Bf2 Nd4 27. Qd1 Nb5 28. f5 Qg5 29.
Be3 Qd8 30. f6 Nc3 31. Qf3 gxf6 32. exf6 Kh7 33. Nf5 R6c7 34. Nfxh6 d4 35. Qf4
dxe3 36. Qg5 1-0

[Event "Tata Steel India Rapid w"]
[Site "Kolkata IND"]
[Date "2026.01.09"]
[Round "8.1"]
[White "Yip, Carissa"]
[Black "Lagno, Kateryna"]
[Result "1/2-1/2"]
[WhiteTitle "IM"]
[BlackTitle "GM"]
[WhiteElo "2466"]
[BlackElo "2508"]
[WhiteFideId "2090732"]
[BlackFideId "14109336"]
[EventDate "2026.01.07"]

1. e4 e5 2. Nf3 Nc6 3. Bc4 Nf6 4. d3 d5 5. exd5 Nxd5 6. O-O Nb6 7. Bb5 Bd6 8.
Nxe5 Bxe5 9. Bxc6+ bxc6 10. Re1 Qe7 11. f4 Bd4+ 12. Kh1 Be6 13. f5 O-O 14. Nd2
Nd5 15. Nf3 Qf6 16. fxe6 Bxb2 17. Bxb2 Qxb2 18. Qe2 Qf6 19. exf7+ Rxf7 20. Ne5
Re7 21. d4 Rae8 22. Qc4 Qe6 23. Qc5 Nb6 24. Rf1 Nd7 25. Nxd7 Qxd7 26. Qxa7 Qd5
27. Qa4 Re4 28. c3 c5 29. Qb5 c6 30. Qxc5 Qxc5 31. dxc5 Ra4 32. Kg1 Re2 33. Rf2
Re5 34. Rb1 h5 35. h3 Rxc5 36. Rb3 Rca5 37. Kh2 Kh7 38. Rb7 Rxa2 39. Rxa2 Rxa2
40. Rb6 Rc2 41. Rxc6 h4 42. Kg1 g6 43. Rc4 Kg7 44. Kf1 Kf6 45. Rc6+ Kf5 46. c4
g5 47. c5 Kf4 48. Rf6+ Ke5 49. Rg6 Kf5 50. Rc6 Kf4 51. Rf6+ Ke5 52. Rg6 Kf5 53.
Rc6 Kf4 1/2-1/2

[Event "Tata Steel India Rapid w"]
[Site "Kolkata IND"]
[Date "2026.01.09"]
[Round "8.2"]
[White "Divya, Deshmukh"]
[Black "Vaishali, Rameshbabu"]
[Result "1-0"]
[WhiteTitle "GM"]
[BlackTitle "GM"]
[WhiteElo "2497"]
[BlackElo "2470"]
[WhiteFideId "35006916"]
[BlackFideId "5091756"]
[EventDate "2026.01.07"]

1. d4 Nf6 2. g3 c5 3. d5 b5 4. a4 b4 5. c4 g6 6. Bg2 Bg7 7. e4 d6 8. Nh3 Nxe4 9.
O-O O-O 10. Re1 Nf6 11. Ra2 Bf5 12. Nd2 a5 13. Nf1 Ra7 14. Nf4 Bg4 15. Qc2 Re8
16. b3 Nbd7 17. Ne3 Nf8 18. Nxg4 Nxg4 19. Qd1 h5 20. h3 Nf6 21. Rae2 Qc8 22. Bb2
Qf5 23. Re3 h4 24. Rf3 Qc8 25. gxh4 N8h7 26. Qc2 Kh8 27. Kh1 g5 28. hxg5 Nxg5
29. Rg3 Ngh7 30. Be4 Bh6 31. Bf5 Bxf4 32. Bxc8 Bxg3 33. fxg3 Rxc8 34. Qf5 Re8
35. g4 Kg8 36. g5 Nh5 37. Qg4 Ng7 38. h4 e5 39. dxe6 Rxe6 40. Rxe6 Nxe6 41. Qf5
Re7 42. Qd5 Nf4 43. Qa8+ Nf8 44. Bf6 Re1+ 45. Kh2 Re3 46. Qxa5 Rxb3 47. Qd8 Rh3+
48. Kg1 Re3 49. a5 b3 50. a6 Rg3+ 51. Kf2 Rg2+ 52. Kf3 Ne6 53. Kxg2 Nxd8 54. a7 1-0

[Event "Tata Steel India Rapid w"]
[Site "Kolkata IND"]
[Date "2026.01.09"]
[Round "8.3"]
[White "Rakshitta, Ravi"]
[Black "Dronavalli, Harika"]
[Result "1/2-1/2"]
[WhiteTitle "WGM"]
[BlackTitle "GM"]
[WhiteElo "2321"]
[BlackElo "2466"]
[WhiteFideId "25073230"]
[BlackFideId "5015197"]
[EventDate "2026.01.07"]

1. e4 e5 2. Nf3 Nc6 3. Nc3 Nf6 4. d4 exd4 5. Nxd4 Bb4 6. Nxc6 bxc6 7. Bd3 d5 8.
exd5 O-O 9. O-O cxd5 10. h3 c6 11. Qf3 Re8 12. Bf4 Nd7 13. Rae1 Nc5 14. Bg5 Qd7
15. Bf5 Ne6 16. Qd3 g6 17. Bf6 a5 18. Qd2 Bf8 19. Bxe6 Rxe6 20. Rxe6 Qxe6 21.
Bd4 c5 22. Re1 Qc6 23. Be5 Bb7 24. f3 Re8 25. a4 Qe6 26. Bg3 Qc6 27. Rxe8 Qxe8
28. Nxd5 Bxd5 29. Qxd5 Qxa4 30. b3 Qe8 31. Be5 Bg7 32. Bxg7 Qe3+ 33. Kh2 Kxg7
34. Qc4 h5 35. h4 Qe5+ 36. Kg1 Qe1+ 37. Kh2 Qe5+ 38. Kg1 Qe1+ 39. Kh2 Qe5+ 40.
Kg1 1/2-1/2

[Event "Tata Steel India Rapid w"]
[Site "Kolkata IND"]
[Date "2026.01.09"]
[Round "8.4"]
[White "Goryachkina, Aleksandra"]
[Black "Tsolakidou, Stavroula"]
[Result "1/2-1/2"]
[WhiteTitle "GM"]
[BlackTitle "IM"]
[WhiteElo "2534"]
[BlackElo "2479"]
[WhiteFideId "4147103"]
[BlackFideId "4264312"]
[EventDate "2026.01.07"]

1. e4 e6 2. d4 d5 3. Nc3 Nf6 4. e5 Nfd7 5. f4 c5 6. Nf3 Nc6 7. Be3 a6 8. Ne2 Be7
9. c3 O-O 10. dxc5 Nxc5 11. Ng3 b5 12. Be2 Rb8 13. O-O a5 14. Kh1 Bd7 15. Qe1 b4
16. c4 dxc4 17. Bxc4 Na4 18. Qf2 Nb6 19. Bd3 Nd5 20. f5 exf5 21. Nxf5 Bxf5 22.
Bxf5 Nxe3 23. Qxe3 Qb6 24. Qe4 g6 25. Bd7 Nd8 26. Nd4 Qb7 27. Qg4 h5 28. Qh3 Qd5
29. Nf3 Rb6 30. Rfd1 Qb7 31. Nd4 Qe4 32. e6 Rd6 33. exf7+ Rxf7 34. Nf3 Rxd1+ 35.
Rxd1 Bf6 36. Ba4 Kg7 37. Qc8 Qb7 38. Qc4 Qc7 39. Qd5 Re7 40. Bb3 Nf7 41. Qd3 Ne5
42. Nxe5 Qxe5 43. h3 Qe4 44. Qxe4 Rxe4 45. Bd5 Re2 46. b3 Rxa2 47. g4 h4 48. Bc4
Be5 49. Rd5 Kf6 50. g5+ Kf5 51. Bd3+ Kf4 52. Bxg6 Kg3 53. Rd3+ Kf2 54. Bh5 Ra1+
55. Rd1 Rxd1+ 56. Bxd1 Kg3 57. Bg4 Bd4 58. Bd7 Kf4 59. g6 Kg5 60. Be8 Kf4 61.
Kg2 Bg7 62. Bd7 Ke4 63. Kf2 Kf4 64. Kg2 1/2-1/2